[Event "AUTO-ADV-1061"]
[Site "http://www.queenalice.com/game.php?id=520584"]
[Date "2009.1.11"]
[Round "2"]
[White "LuizFernandes"]
[Black "fera77"]
[Result "0-1"]
[WhiteElo "1917"]
[BlackElo "1713"]

1. Nf3 Nf6 2. d4 d5 3. Bf4 Bg4 4. Nc3 e6 5. Ne5 Bd6 6. Nxg4 Bxf4 7. Nxf6+ Qxf6
8. e3 Bd6 9. Nb5 Bb4+ 10. c3 Ba5 11. Qa4 Nc6 12. b4 Bb6 13. Na3 O-O 14. Bb5 Ne7
15. Bd3 c6 16. b5 Rfc8 17. O-O Bc7 18. bxc6 Nxc6 19. Nb5 Bb8 20. Na3 e5 21. Rab1
e4 22. Be2 Ne7 23. Rfc1 Nf5 24. Bg4 Qg5 25. Bxf5 Qxf5 26. Rxb7 Bd6 27. Rxa7 Rab8
28. Nb5 Bf8 29. Nc7 Qh5 30. Ra8 Bd6 31. Rxb8 Qxh2+ 32. Kf1 Rxb8 33. Na6 Qh1+ 34.
Ke2 Rb2+ 35. Rc2 Rb1 36. Qe8+ Bf8 37. f3 Qxg2# 0-1

[Event "AUTO-ADV-1061"]
[Site "http://www.queenalice.com/game.php?id=520585"]
[Date "2009.1.11"]
[Round "2"]
[White "fera77"]
[Black "dreddvedder"]
[Result "1-0"]
[WhiteElo "1699"]
[BlackElo "1700"]

1. Nf3 Nf6 2. c4 e6 3. g3 c5 4. Bg2 Nc6 5. O-O Be7 6. b3 O-O 7. Bb2 d5 8. cxd5
exd5 9. d3 Qc7 10. Nbd2 h6 11. d4 cxd4 12. Rc1 Be6 13. Nxd4 Rac8 14. Nxe6 fxe6
15. Nf3 Qd6 16. e3 Ne5 17. Nxe5 Ne4 18. Ng6 Rfe8 19. Nxe7+ Qxe7 20. Bxe4 dxe4
21. Qg4 Qg5 22. Qxe4 1-0

[Event "AUTO-ADV-1061"]
[Site "http://www.queenalice.com/game.php?id=520586"]
[Date "2009.1.11"]
[Round "2"]
[White "dreddvedder"]
[Black "fera77"]
[Result "1-0"]
[WhiteElo "1724"]
[BlackElo "1719"]

1. d4 d5 2. c4 c6 3. cxd5 cxd5 4. Nf3 Nf6 5. Bg5 e6 6. e3 Nbd7 7. Bd3 Be7 8. O-O
O-O 9. Nc3 h6 10. Bh4 Bd6 11. Nd2 Bxh2+ 12. Kxh2 Ng4+ 13. Qxg4 Nf6 14. Qf4 e5
15. dxe5 g5 16. Bxg5 hxg5 17. Qxg5+ Kh8 18. Qh6+ Kg8 19. exf6 1-0

[Event "AUTO-ADV-1220"]
[Site "http://www.queenalice.com/game.php?id=540271"]
[Date "2009.2.14"]
[Round "1"]
[White "Dom81"]
[Black "fera77"]
[Result "1-0"]
[WhiteElo "2155"]
[BlackElo "1740"]

1. d4 d5 2. c4 Nf6 3. Nf3 Bg4 4. cxd5 Nxd5 5. Nc3 Nxc3 6. bxc3 g6 7. Qb3 Bg7 8.
Ng5 O-O 9. Qxb7 Nd7 10. h3 Bf5 11. e4 Rb8 12. Qd5 c6 13. Qxc6 h6 14. exf5 hxg5
15. fxg6 Rc8 16. Qd5 e6 17. gxf7+ Kh8 18. Qxe6 Rxc3 19. Rb1 Qc7 20. Bd2 Rc6 21.
Qf5 Bxd4 22. Bd3 Bxf2+ 23. Qxf2 Re6+ 24. Be2 Rf6 25. Qe3 R6xf7 26. Bc3+ Kh7 27.
h4 g4 28. Bd3+ 1-0

[Event "AUTO-ADV-1220"]
[Site "http://www.queenalice.com/game.php?id=540272"]
[Date "2009.2.14"]
[Round "1"]
[White "fera77"]
[Black "Dom81"]
[Result "0-1"]
[WhiteElo "1780"]
[BlackElo "2189"]

1. d4 Nf6 2. c4 e6 3. Nc3 Nc6 4. Nf3 d5 5. Bg5 Bb4 6. Rc1 dxc4 7. e3 b5 8. Be2
O-O 9. O-O Rb8 10. a3 Be7 11. Qc2 Nd5 12. Bxe7 Qxe7 13. Ne4 f5 14. Nc5 e5 15. b4
e4 16. Ne5 Nxe5 17. dxe5 Qxe5 18. Rfd1 Rb6 19. Rd4 a6 20. Rcd1 Rd6 21. g3 Ne7
22. a4 Rxd4 23. Rxd4 Nc6 24. Nd7 Nxd4 25. exd4 Qxd4 26. Nxf8 Kxf8 27. axb5 axb5
28. Kg2 Bd7 29. f3 c3 30. fxe4 Bc6 31. Qc1 Bxe4+ 32. Kh3 Qf2 33. Qd1 Qg2+ 34.
Kh4 Qxh2+ 35. Kg5 Qh6# 0-1

[Event "Challenge"]
[Site "http://www.queenalice.com/game.php?id=557389"]
[Date "2009.3.17"]
[Round "-"]
[White "capabllanca"]
[Black "fera77"]
[Result "1-0"]
[WhiteElo "2005"]
[BlackElo "1782"]

1. d4 d5 2. c4 c5 3. e3 Nf6 4. Nc3 Bf5 5. Qb3 dxc4 6. Bxc4 Qc8 7. Bxf7+ Kd8 8.
Bc4 Nc6 9. Nf3 Na5 10. Qa4 Nxc4 11. Qxc4 e5 12. Nxe5 Be6 13. d5 Nd7 14. dxe6
Nxe5 15. Qd5+ Ke8 16. Qxe5 Qc6 17. O-O Bd6 18. Qd5 Qb6 19. Ne4 Rd8 20. Qf5 Rf8
21. Qh5+ g6 22. Qxh7 Be5 23. Qxg6+ Ke7 24. Bd2 Rde8 25. Bc3 Bxc3 26. Nxc3 Qd6
27. Rad1 1-0

[Event "AUTO-ADV-997"]
[Site "http://www.queenalice.com/game.php?id=586974"]
[Date "2009.5.12"]
[Round "2"]
[White "fera77"]
[Black "mennecy91"]
[Result "0-1"]
[WhiteElo "1780"]
[BlackElo "2278"]

1. d4 Nc6 2. d5 Ne5 3. f4 Ng6 4. e4 e6 5. c4 e5 6. fxe5 Nxe5 7. Bf4 Ng6 8. Bg3
Nf6 9. Bd3 Bb4+ 10. Nc3 Qe7 11. Qe2 d6 12. Nf3 Nh5 13. O-O-O Nxg3 14. hxg3 Bg4
15. Rhe1 O-O 16. Qc2 Bxf3 17. gxf3 Qg5+ 18. Kb1 Qxg3 0-1

[Event "AUTO-ADV-997"]
[Site "http://www.queenalice.com/game.php?id=586975"]
[Date "2009.5.12"]
[Round "2"]
[White "mennecy91"]
[Black "fera77"]
[Result "1-0"]
[WhiteElo "2277"]
[BlackElo "1782"]

1. g4 d5 2. Bg2 Bxg4 3. c4 Nf6 4. cxd5 c6 5. Qb3 Qc7 6. dxc6 Nxc6 7. Nc3 e6 8.
h3 Bh5 9. d3 Bb4 10. Be3 O-O 11. Kf1 a5 12. a3 Bxc3 13. bxc3 Rac8 14. c4 Rfd8
15. Rb1 Bg6 16. Bb6 Qe5 17. Bxc6 Rxc6 18. Bxd8 1-0

[Event "AUTO-ADV-997"]
[Site "http://www.queenalice.com/game.php?id=586976"]
[Date "2009.5.12"]
[Round "2"]
[White "fera77"]
[Black "orinto"]
[Result "1-0"]
[WhiteElo "1738"]
[BlackElo "1736"]

1. d4 Nf6 2. c4 e6 3. Nc3 d5 4. Bg5 Be7 5. Nf3 c6 6. e3 Nbd7 7. Bd3 dxc4 8. Bxc4
b5 9. Bb3 a5 10. a3 Ba6 11. O-O Qb6 12. Rc1 b4 13. Na4 Bxf1 14. Nxb6 1-0

[Event "AUTO-ADV-997"]
[Site "http://www.queenalice.com/game.php?id=586977"]
[Date "2009.5.12"]
[Round "2"]
[White "orinto"]
[Black "fera77"]
[Result "0-1"]
[WhiteElo "1722"]
[BlackElo "1799"]

1. d4 d5 2. c4 Nf6 3. Nc3 c6 4. Nf3 Bg4 5. Ne5 Bf5 6. e3 e6 7. Be2 Bb4 8. O-O
O-O 9. a3 Ba5 10. b4 Bc7 11. Bb2 Nbd7 12. cxd5 cxd5 13. Rc1 Rc8 14. a4 Nxe5 15.
dxe5 Bxe5 16. Bd3 Bxh2+ 17. Kxh2 Ng4+ 18. Kg1 Qh4 19. Re1 Qxf2+ 20. Kh1 Qh4+ 21.
Kg1 Qh2+ 22. Kf1 Qh1+ 23. Ke2 Qxg2# 0-1

[Event "Challenge"]
[Site "http://www.queenalice.com/game.php?id=598850"]
[Date "2009.6.5"]
[Round "-"]
[White "knight401"]
[Black "fera77"]
[Result "0-1"]
[WhiteElo "1509"]
[BlackElo "1775"]

1. e4 c5 2. Nf3 e6 3. d4 Qc7 4. Nc3 a6 5. Be3 Nc6 6. g3 cxd4 7. Nxd4 Bb4 8. Qd2
Nf6 9. Bg2 Ne5 10. O-O-O O-O 0-1